Linkages in South African Economic Development : Industrialisation Without Diversification?

Bibliographic Details
Main Author: Schwank, Oliver.
Format: eBook
Language:English
Published: Frankfurt a.M. : Peter Lang GmbH, Internationaler Verlag der Wissenschaften, 2010.
Edition:1st ed.
Series:Forschungsergebnisse der Wirtschaftsuniversitaet Wien Series
Subjects:
Online Access:Click to View
LEADER 03602nam a22003853i 4500
001 EBC30686229
003 MiAaPQ
005 20231204023231.0
006 m o d |
007 cr cnu||||||||
008 231204s2010 xx o ||||0 eng d
020 |a 9783631753859  |q (electronic bk.) 
020 |z 9783631587010 
035 |a (MiAaPQ)EBC30686229 
035 |a (Au-PeEL)EBL30686229 
035 |a (OCoLC)1399170476 
040 |a MiAaPQ  |b eng  |e rda  |e pn  |c MiAaPQ  |d MiAaPQ 
100 1 |a Schwank, Oliver. 
245 1 0 |a Linkages in South African Economic Development :  |b Industrialisation Without Diversification? 
250 |a 1st ed. 
264 1 |a Frankfurt a.M. :  |b Peter Lang GmbH, Internationaler Verlag der Wissenschaften,  |c 2010. 
264 4 |c Ã2010. 
300 |a 1 online resource (218 pages) 
336 |a text  |b txt  |2 rdacontent 
337 |a computer  |b c  |2 rdamedia 
338 |a online resource  |b cr  |2 rdacarrier 
490 1 |a Forschungsergebnisse der Wirtschaftsuniversitaet Wien Series ;  |v v.41 
505 0 |a Cover -- List of Abbreviations -- Preface -- 1 Introduction -- 1.1 Motivation -- 1.2 Statement of the Problem-A Rapprochement -- 1.3 State of the Field -- 1.4 Research Question and Purpose of the Study -- 1.5 Structure of the Dissertation -- 2 South African Industrial Development -- 2.1 The Discovery of Minerals and the Rise of Capitalism -- 2.2 Racial Capitalism-The Apartheid Era -- 2.2.1 Early Years - The Rise and Golden Age of Apartheid -- 2.2.2 Crisis and Transition -- 2.3 Democracy-The First Decade of ANC Rule -- 2.3.1 The Macro-Economy -- 2.3.2 Sectoral and Industrial Development -- 3 Linkages in Economic Theory -- 3.1 Linkages in Development Economics -- 3.2 Linkages in the New Economic Geography -- 3.2.1 The Logic of NEG: The Core-Periphery Model -- 3.2.2 Vertical Linkages Models: An Exposition -- 3.2.3 A Simulation Exercise -- 3.2.4 Conclusion -- 4 A Simulation of Linkage Effects -- 4.1 The Multi-Industry Model -- 4.1.1 Logic of the Model -- 4.1.2 The Formal Model -- 4.1.3 The Mining Sector -- 4.2 Simulation Results -- 4.2.1 Three Regions, Five Industries: a Simple Case -- 4.2.2 Three Regions, Ten Industries: South Africa -- 5 Linkages at Work? Empirical Results -- 5.1 Empirics of Linkage Effects -- 5.1.1 Empirics of the New Economic Geography -- 5.1.2 Linkage Effects in South Africa -- 5.2 Testing for Linkage Effects-A SVAR, Approach -- 5.2.1 Structural VARs -- 5.2.2 Linkages and Sectoral Development -- 6 Industrial Policy Revisited -- 6.1 Developmental States -- 6.1.1 Economic and Political Schools -- 6.1.2 Social Actors and the Accumulation Regime -- 6.1.3 A South African Developmental State -- 6.2 Industrial Policy in a Developmental Regime -- 6.2.1 Industrial Policy after 1994 -- 6.2.2 National Industrial Policy Framework -- 6.2.3 Capacity and Coherence -- 6.2.4 Competing Visions -- 7 Conclusion -- Bibliography -- Appendix. 
588 |a Description based on publisher supplied metadata and other sources. 
590 |a Electronic reproduction. Ann Arbor, Michigan : ProQuest Ebook Central, 2023. Available via World Wide Web. Access may be limited to ProQuest Ebook Central affiliated libraries.  
655 4 |a Electronic books. 
776 0 8 |i Print version:  |a Schwank, Oliver  |t Linkages in South African Economic Development  |d Frankfurt a.M. : Peter Lang GmbH, Internationaler Verlag der Wissenschaften,c2010  |z 9783631587010 
797 2 |a ProQuest (Firm) 
830 0 |a Forschungsergebnisse der Wirtschaftsuniversitaet Wien Series 
856 4 0 |u https://ebookcentral.proquest.com/lib/matrademy/detail.action?docID=30686229  |z Click to View